|
|
|
|
| LEADER |
00000cam a2200000 a 4500 |
| 001 |
101107 |
| 003 |
Ucuenca |
| 005 |
20230308164237.0 |
| 006 |
a||||gr|||| 001 0| |
| 007 |
ta |
| 008 |
982042t19781978sp ||||gr|||||||1|||spa a |
| 020 |
|
|
|a 8473393538
|
| 040 |
|
|
|b spa
|a UCuenca-cdrjbv
|c UCuenca
|e rda
|
| 041 |
1 |
|
|a spa
|
| 082 |
0 |
|
|a 302.2
|2 22
|c 101107
|
| 100 |
1 |
|
|a Holzer, Horst.
|d 1935-2000
|e autor
|9 45241
|
| 245 |
1 |
0 |
|a Sociología de la comunicación /
|c Horst Holzer; traducción de José Luis Pascual Arranz
|
| 250 |
|
|
|a Primera edición.
|
| 264 |
|
1 |
|a Madrid:
|b Editorial Akal,
|c 1978.
|
| 264 |
|
4 |
|c ©1978.
|
| 300 |
|
|
|a 238 páginas:
|c 22 cm
|
| 336 |
|
|
|2 rdacontent
|a texto
|b txt
|
| 337 |
|
|
|2 rdamedia
|a no mediado
|b n
|
| 338 |
|
|
|2 rdacarrier
|a volumen
|b nc
|
| 490 |
0 |
|
|a Comunicación
|v 74
|
| 505 |
1 |
|
|a La comunicación social como condición para el trabajo sociológico -- Teorías sociológicas sobre la comunicación y situación de la comunicación en el capitalismo de monopolio estatal -- Comunicación de masas y relación de clase bajo protección estatal en la sociedad de la república Federal de Alemania -- Condiciones de comunicación en el público, técnicas y contenidos.
|
| 650 |
1 |
7 |
|a Comunicacion y sociologia
|9 45242
|2 UCuenca-cdrjbv
|
| 650 |
1 |
7 |
|a Sociologia y comunicacion teorias
|9 45243
|2 UCuenca-cdrjbv
|
| 650 |
1 |
7 |
|a Revistas ilustradas y comunicacion
|9 45244
|2 UCuenca-cdrjbv
|
| 700 |
1 |
|
|9 273379
|a Pascual Arrabz, José Luis.
|e traductor.
|
| 852 |
|
|
|a UC-CDJBV
|f Compra
|l 1
|p 19820429
|q 202,00
|r 2
|t 101107
|d CDRC
|e CDRC
|g 384 PRIMER PISO
|z 1982-20-42
|
| 942 |
|
|
|c CR
|0 3
|2 ddc
|r wilman.tandazo@ucuenca.edu.ec
|
| 999 |
|
|
|c 24453
|d 24453
|